00767nam a2200193 u 450000100100000000500170001000800410002704000250006808200150009311000720010824500910018026000370027130000320030849000320034070000320037283000390040495201130044399900170055600003162420200930063048.0110628s1995 dr r 000 0 spa d aDO-SdBNPbspacBNPHU axxxxbxxxx1 aCentro Nacional de Investigaciones en Salud Materno Infantil95575710aTalla de escolares dominicanos del primer grado de primaria /ceditado Marcos Espinal. aSanto Domingo :bCENISMI,c1995. a26 p. :bil., map. ;c1995.1 aPublicaciones técnicasv21 aMarcos, Espinalved.957936 0aPublicaciones técnicasn2957937 0010718PDaPDbPDcCTd2011-06-28iLF1l0oxxxx xxxxp31624-10r2020-06-25w2020-06-25yLFPDZNo se presta c31116d31116